000 01021cam a22003137a 4500
003 CHAP
005 20220329134227.0
008 971013s1965 r 00010 d
010 _a17267
011 _a18239
035 _a22324
040 _cCHAP
090 _aFolleto 95
100 0 0 _aJohnson, Neil W.
_961856
245 0 _aPlaneacion de granjas para obtener estabilidad y ganancias
260 _aMéxico, D.F., :
_bCentro Regional de Ayuda Técnica,
_c1965
300 _a47 p.
_b: ilus
490 0 _aUSDA. Boletín de Agricultura
_v; 1965
590 _aBATCH-UPD
_b10
_c20130110
_lUCH01
_h2036
590 _aBATCH-UPD
_b10
_c20130410
_lUCH01
_h1352
590 _aBATCH-UPD
_b10
_c20130914
_lUCH01
_h1304
590 _aCONVERSION
_b10
_c20130109
_lUCH01
_h1311
650 1 4 _aEmpresas agropecuarias.
_936649
710 0 _aE.U.A. Department of Agriculture.
_934876
830 0 _aUSDA. Boletín de Agricultura
_v; 1965
_9117042
901 _aBK
942 _cFOLL
949 _aFolleto 95
_bBC
_cFOLL
_d-52252
_eTS1
_i22324
_si
999 _c17267
_d17267